Los últimos dinosaurios

Guardat en:
Dades bibliogràfiques
Autor principal: Anguita, Francisco (Autor)
Format: Llibre
Idioma:espanyol
Publicat: Madrid SM 1996
Edició:6a. ed
Col·lecció:De par en par
Matèries:
Etiquetes: Afegir etiqueta
Sense etiquetes, Sigues el primer a etiquetar aquest registre!

MARC

LEADER 00000nam a2200000 a 4500
001 UCH7995
003 CL-VaPUC
008 091127e19960000SP |||||||||||||||||spa|d
020 |a 8434827573 
082 0 4 |a 567.91  |b ANG  |2 21 
100 0 |a Anguita, Francisco  |e author  |9 544385 
245 1 4 |a Los últimos dinosaurios 
250 |a 6a. ed 
300 |a 71 p 
942 |c BK 
945 |d 20091127 00:00:00  |a ccalabra 
260 |a Madrid  |b SM  |c 1996 
650 0 |a Paleontología  |9 314794 
650 7 |a PALEOBIOLOGIA  |2 CL-VaPUC  |9 544386 
650 0 |a Prehistoria  |9 316557 
650 7 |a REPTILES  |2 CL-VaPUC  |9 269773 
650 7 |a FOSILES  |2 CL-VaPUC  |9 370434 
650 0 |a Historia universal  |9 266877 
583 |a last modification  |c 20091127 00:00:00  |k Rodrigo Vera 
490 0 |a De par en par 
999 |c 338278  |d 338276